| 000 | 01183cab a2200337 4500 | ||
|---|---|---|---|
| 001 | ABS59008 | ||
| 008 | 090401t1998 xxu||||| |||| 00| 0 eng d | ||
| 035 | _a(Sirsi) u87782 | ||
| 041 | _aeng | ||
| 100 | _aYoung, M.E. | ||
| 245 | _aConservation of granite buildings and monuments | ||
| 260 | _c1998 | ||
| 350 | _a0 | ||
| 490 |
_aJournal of Architectural Conservation _v4(2) July 1998, 62-78(17) |
||
| 520 | _aReviews some of the research on the problem of decay affecting granite used in the construction of historic buildings and monuments. Discusses the effects of weathering, decay and soiling on granite and considers conservation strategies and their likely impact on the granite. Includes references. | ||
| 650 | _aCONSERVATION | ||
| 650 | _aDECAY | ||
| 650 | _aGRAFFITI | ||
| 650 | _aGRANITE | ||
| 650 | _aHISTORIC BUILDINGS | ||
| 650 | _aHISTORIC MONUMENTS | ||
| 650 | _aPOROSITY | ||
| 650 | _aREPOINTING | ||
| 650 | _aSOILING | ||
| 650 | _aBUILT ENVIRONMENT-BUILDING MATERIALS-STONE | ||
| 650 | _aWEATHERING | ||
| 690 | _aBUILDING AND CONSTRUCTION-REPAIRS AND MAINTENANCE | ||
| 700 | _aUrquhart, D.C.M. | ||
| 942 | _n0 | ||
| 948 | _c31/07/1998 | ||
| 999 |
_c55389 _d55389 |
||